COMO MEJORAR SU CALIDAD DE VIDA : (Registro nro. 48786)
[ vista simple ]
| 000 -LEADER | |
|---|---|
| fixed length control field | 00756nam a2200193 a 4500 |
| 001 - CONTROL NUMBER | |
| control field | 48786 |
| 005 - DATE AND TIME OF LATEST TRANSACTION | |
| control field | 20180714033220.0 |
| 008 - FIXED-LENGTH DATA ELEMENTS--GENERAL INFORMATION | |
| fixed length control field | 140415s2004 sp 000 0 spa d |
| 020 ## - INTERNATIONAL STANDARD BOOK NUMBER | |
| International Standard Book Number | 8480884894 |
| 041 ## - LANGUAGE CODE | |
| Language code of text/sound track or separate title | spa |
| 082 ## - DEWEY DECIMAL CLASSIFICATION NUMBER | |
| Classification number | 658.409 |
| Item number | GRO |
| 100 1# - MAIN ENTRY--PERSONAL NAME | |
| Personal name | GROSS, GÜNTER F. |
| 245 10 - TITLE STATEMENT | |
| Title | COMO MEJORAR SU CALIDAD DE VIDA : |
| Remainder of title | PERSONAL Y PROFESIONALMENTE |
| 250 ## - EDITION STATEMENT | |
| Edition statement | 1a ed. |
| 260 ## - PUBLICATION, DISTRIBUTION, ETC. | |
| Place of publication, distribution, etc. | ESPAÑA : |
| Name of publisher, distributor, etc. | EDICIONES GESTION 2000, |
| Date of publication, distribution, etc. | 2004 |
| 300 ## - PHYSICAL DESCRIPTION | |
| Extent | 124 |
| Dimensions | 16.35 x 1.5 x 22.8 |
| 520 ## - SUMMARY, ETC. | |
| Summary, etc. | ESTE LIBRO INTENTA OFRECER AL LECTOR UNA CONCEPCIÓN ESTRATÉGICA Y UNA VISIÓN DE CONJUNTO DE LAS ACCIONES Y ACTITUDES QUE HAN DE CAPACITARLE PARA MEJORAR LA CALIDAD DE SU VIDA PERSONAL. |
| 650 14 - SUBJECT ADDED ENTRY--TOPICAL TERM | |
| Topical term or geographic name entry element | CALIDAD DE VIDA |
| General subdivision | EJECUTIVOS |
| -- | RELACIONES DE FAMILIA |
| Withdrawn status | Lost status | Source of classification or shelving scheme | Damaged status | Not for loan | Collection code | Home library | Current library | Shelving location | Date acquired | Source of acquisition | Inventory number | Total Checkouts | Full call number | Barcode | Date last seen | Date last checked out | Price effective from | Koha item type |
|---|---|---|---|---|---|---|---|---|---|---|---|---|---|---|---|---|---|---|
| Dewey Decimal Classification | General | Biblioteca Karol Wojtyla | Biblioteca Karol Wojtyla | Sala general | 03/12/2013 | Compra | 151000000000000000013665 | 2 | 658.409 GRO | 74982 | 05/01/2026 | 14/09/2019 | 03/12/2013 | Libro | ||||
| Dewey Decimal Classification | General | Biblioteca Karol Wojtyla | Biblioteca Karol Wojtyla | Sala general | 03/12/2013 | Compra | 151000000000000000013664 | 658.409 GRO | 74983 | 05/01/2026 | 10/11/2016 | 03/12/2013 | Libro | |||||
| Dewey Decimal Classification | General | Biblioteca Karol Wojtyla | Biblioteca Karol Wojtyla | Sala general | 03/12/2013 | Compra | 151000000000000000013663 | 658.409 GRO | 72830 | 05/01/2026 | 27/01/2017 | 03/12/2013 | Libro |